IMPACT : a simulation package for studying the impact of land management on future production from agricultural land

Αποθηκεύτηκε σε:
Λεπτομέρειες βιβλιογραφικής εγγραφής
Κύριος συγγραφέας: Biot, Yvan 1954-
Μορφή: Βιβλίο
Γλώσσα:English
Δημοσίευση: Norwich : School of Development Studies, University of East Anglia, 1993
Σειρά:Development. Sustainable agriculture
Θέματα:
Ετικέτες: Προσθήκη ετικέτας
Δεν υπάρχουν, Καταχωρήστε ετικέτα πρώτοι!

MARC

LEADER 00000nam a2200000 i 4500
001 1/80101
008 990507s1993 eng d
020 |a 1-898285-01-2 
035 |l 10050551 
040 |a GR-MY-UA  |b gre  |e aacr 
041 0 |a eng 
082 0 |a 333.760285 
100 1 |a Biot, Yvan  |d 1954- 
245 1 0 |a IMPACT :  |b a simulation package for studying the impact of land management on future production from agricultural land /  |c Yvan Biot 
260 |a Norwich :   |b School of Development Studies, University of East Anglia,   |c 1993 
300 |a 86 p.  |e 1 fd 
490 1 |a Development. Sustainable agriculture 
650 0 0 |a Land use  |x Environmental aspects. 
650 0 0 |a Land use  |x Management  |x Mathematical models. 
830 0 |a Development. Sustainable agriculture 
852 |a INST  |b LESVOS  |e 19990507  |h 333.760285 BIO  |p 005100019096  |q 005100019096  |t BK  |y 0 
852 |a INST  |b LESVOS  |e 19991104  |h 333.760285 BIO   |p 005100019095  |q 005100019095  |t BK  |y 0 
901 |a BIBL1-1999-3 
909 |a Λ  |b 061677 
909 |a Λ  |b 061678 
922 |a 1ΕΛΗ  |b 199812  |c ΚΠΣ/ΤΓ  |d ΠΑΠΑΣΩΤΗΡΙΟΥ 
950 |a 118-1998-07-21 
970 |z 2000/05/ΟΙΚΟΝΟΜΟΠΟΥΛΟΥ ΧΡΙΣΤΙΝΑ 
970 |a ΤΖΑΦΕΡΗ  |b ΕΥΑΓΓΕΛΙΑ  |z 1999/11/04